Mother, where's my country : (Record no. 100079)

MARC details
000 -LEADER
fixed length control field 00830nam a22002057a 4500
005 - DATE AND TIME OF LATEST TRANSACTION
control field 20180507130730.0
010 ## - LCCN (DPL NO)
LC control number 1718EN-30 B-682064-065
020 ## - INTERNATIONAL STANDARD BOOK NUMBER
International Standard Book Number 9789385288357
Terms of availability 499.00
035 ## - SYSTEM CONTROL NUMBER
System control number EN-98688
037 ## - SOURCE OF ACQUISITION
Source of stock number/acquisition Pragati
Stock number dpl
037 ## - SOURCE OF ACQUISITION
Source of stock number/acquisition DBAD/PUB
Stock number B-682064-065
082 ## - DEWEY DECIMAL CLASSIFICATION NUMBER
Classification number 355.0218095417
100 ## - MAIN ENTRY--PERSONAL NAME
Personal name Bhonsle, Anubha
245 ## - TITLE STATEMENT
Title Mother, where's my country :
Remainder of title looking for light in the darkness of Manipur /
Statement of responsibility, etc by Anubha Bhonsle
260 ## - PUBLICATION, DISTRIBUTION, ETC. (IMPRINT)
Place of publication, distribution, etc New Delhi
Name of publisher, distributor, etc Speaking Tiger
Date of publication, distribution, etc 2016
270 ## - ADDRESS
Address 4381/4 Ansari Road, Daryaganj,
City New Delhi
Postal code 110002
300 ## - PHYSICAL DESCRIPTION
Extent xi,250p.
Dimensions 23cm(Hb)
942 ## - ADDED ENTRY ELEMENTS (KOHA)
Source of classification or shelving scheme Dewey Decimal Classification
Item type English Books
Classification part 355.0218095417
Call number suffix BHO
Holdings
Withdrawn status Lost status Not for loan Collection code Home library Current library Date acquired Source of acquisition Cost, normal purchase price Full call number Barcode Copy number Cost, replacement price Koha item type
      Non-fiction Ashok Vihar Ashok Vihar 07/05/2018 Pragati/142/27.11.2017/672/20.11.2017/28.11.2017 499.00 355.0218095417 BHO B-682065 1 499.00 English Books
    Not For Loan Non-fiction D.B.Act.Division Bawana 25/05/2016 DBAD/PUB 499.00 355.0218095417 BHO EN-98688 1 499.00 English Books
      Non-fiction Central Library Central Library 07/05/2018 Pragati/142/27.11.2017/672/20.11.2017/28.11.2017 499.00 355.0218095417 BHO B-682064 1 499.00 English Books
      Non-fiction Shahdara Branch Shahdara Branch 10/05/2023   499.00 355.0218095417 BHO EN-120352 1   English Books

© Delhi Public Library
Hit Counter
free hit counter